Detalles MARC
| 000 -LEADER |
| fixed length control field |
04012nam a2200601Ii 4500 |
| 001 - CONTROL NUMBER |
| control field |
DIGUDROS0414 |
| 003 - CONTROL NUMBER IDENTIFIER |
| control field |
NyNyDIG |
| 006 - FIXED-LENGTH DATA ELEMENTS--ADDITIONAL MATERIAL CHARACTERISTICS |
| fixed length control field |
m o d |
| 008 - FIXED-LENGTH DATA ELEMENTS--GENERAL INFORMATION |
| fixed length control field |
200110s2018 ck ob 000 0 spa d |
| 007 - PHYSICAL DESCRIPTION FIXED FIELD--GENERAL INFORMATION |
| fixed length control field |
cr ||||||||||| |
| 035 ## - SYSTEM CONTROL NUMBER |
| System control number |
(OCoLC)1083459459 |
| 040 ## - CATALOGING SOURCE |
| Original cataloging agency |
DGITA |
| Language of cataloging |
eng |
| Description conventions |
rda |
| -- |
pn |
| Transcribing agency |
DGITA |
| 020 ## - INTERNATIONAL STANDARD BOOK NUMBER |
| International Standard Book Number |
9789587841152 |
| Qualifying information |
(eBook ; |
| -- |
ePub) |
| 020 ## - INTERNATIONAL STANDARD BOOK NUMBER |
| International Standard Book Number |
9587841158 |
| Qualifying information |
(eBook ; |
| -- |
ePub) |
| 020 ## - INTERNATIONAL STANDARD BOOK NUMBER |
| International Standard Book Number |
9789587841169 |
| Qualifying information |
(eBook ; |
| -- |
pdf) |
| 020 ## - INTERNATIONAL STANDARD BOOK NUMBER |
| International Standard Book Number |
9587841166 |
| Qualifying information |
(eBook ; |
| -- |
pdf) |
| 020 ## - INTERNATIONAL STANDARD BOOK NUMBER |
| Canceled/invalid ISBN |
9789587841145 |
| Qualifying information |
(impreso) |
| 020 ## - INTERNATIONAL STANDARD BOOK NUMBER |
| Canceled/invalid ISBN |
958784114X |
| Qualifying information |
(impreso) |
| 041 0# - LANGUAGE CODE |
| Language code of text/sound track or separate title |
spa |
| Language code of summary or abstract |
eng |
| -- |
spa |
| 043 ## - GEOGRAPHIC AREA CODE |
| Geographic area code |
s-ck--- |
| 050 14 - LIBRARY OF CONGRESS CALL NUMBER |
| Classification number |
KHH1011 ebook |
| 082 04 - DEWEY DECIMAL CLASSIFICATION NUMBER |
| Classification number |
340.115 |
| 245 03 - TITLE STATEMENT |
| Title |
La voz de las víctimas : |
| Remainder of title |
reto para la academia ante el posconflicto / |
| Statement of responsibility, etc. |
Beatriz Londoño Toro, Laly Catalina Peralta González, editoras académicas. |
| 250 ## - EDITION STATEMENT |
| Edition statement |
Primera edición. |
| 264 #1 - PRODUCTION, PUBLICATION, DISTRIBUTION, MANUFACTURE, AND COPYRIGHT NOTICE |
| Place of production, publication, distribution, manufacture |
Bogotá, D.C. : |
| Name of producer, publisher, distributor, manufacturer |
Editorial Universidad del Rosario, |
| Date of production, publication, distribution, manufacture, or copyright notice |
[2018] |
| 300 ## - PHYSICAL DESCRIPTION |
| Extent |
1 online resource. |
| 336 ## - CONTENT TYPE |
| Content type term |
text |
| Content type code |
txt |
| Source |
rdacontent |
| 337 ## - MEDIA TYPE |
| Media type term |
computer |
| Media type code |
c |
| Source |
rdamedia |
| 338 ## - CARRIER TYPE |
| Carrier type term |
online resource |
| Carrier type code |
cr |
| Source |
rdacarrier |
| 347 ## - DIGITAL FILE CHARACTERISTICS |
| File type |
text file |
| Source |
rdaft |
| 347 ## - DIGITAL FILE CHARACTERISTICS |
| Encoding format |
EPUB |
| 490 1# - SERIES STATEMENT |
| Series statement |
Jurisprudencia |
| 504 ## - BIBLIOGRAPHY, ETC. NOTE |
| Bibliography, etc. note |
Includes bibliographical references. |
| 505 0# - FORMATTED CONTENTS NOTE |
| Formatted contents note |
Yo (no) soy una víctima : categorización institucional y (des)marcación social durante procesos de justicia transicional en Argentina y Colombia / Ana Guglielmucci -- Las olvidadas víctimas del pasado y del presente / Germán Villa Fontecha -- Las familias como víctimas de la desaparición forzada de personas : sus implicaciones jurídicas y psicológicas / Hannya Melissa Ariza Galindo, Miguel Gutiérrez Peláez -- Las víctimas de los daños ambientales del conflicto después del acuerdo con las FARC / Leonardo Güiza Suárez -- Trata de personas y reclutamiento forzado de menores de edad : elementos y diferencias / Natalia Rojas Rodríguez -- Las voces de las víctimas de la violencia en Colombia : una evaluación social desde la literatura / Vanessa Solano Cohen -- La estigmatización de las personas sobrevivientes de ataques con agentes químicos / Beatriz Londoño Toro, Sheila Giraldo Duque, Camila Alejandra Villalobos Araújo -- Redefiniendo la centralidad de las víctimas en la Comisión de Esclarecimiento de la Verdad / Laly Catalina Peralta González -- Puntos de encuentro entre las oportunidades para la participación de las víctimas y la toma de decisiones con apoyo : un ejemplo de aplicación en Colombia / Paola Balanta Cobo -- Retos y dificultades de las víctimas del conflicto armado en torno a la reparación y atención administrativa : un análisis frente a la institucionalidad de la Unidad para la Atención y Reparación Integral a las Víctimas / Estefanía Acosta Páez -- Más allá de la propiedad privada : el derecho civil como instrumento de protección de las víctimas en el conflicto armado colombiano / Clara Carolina Cardozo Roa. |
| 546 ## - LANGUAGE NOTE |
| Language note |
Text in Spanish; summaries in English and Spanish. |
| 588 0# - SOURCE OF DESCRIPTION NOTE |
| Source of description note |
Online resource; title from ePub title page (Digitalia, viewed January 15, 2020) |
| 650 #0 - SUBJECT ADDED ENTRY--TOPICAL TERM |
| Topical term or geographic name entry element |
War victims |
| General subdivision |
Legal status, laws, etc. |
| Geographic subdivision |
Colombia. |
| 650 #0 - SUBJECT ADDED ENTRY--TOPICAL TERM |
| Topical term or geographic name entry element |
Victims |
| Geographic subdivision |
Colombia. |
| 650 #0 - SUBJECT ADDED ENTRY--TOPICAL TERM |
| Topical term or geographic name entry element |
Transitional justice |
| Geographic subdivision |
Colombia. |
| 650 #0 - SUBJECT ADDED ENTRY--TOPICAL TERM |
| Topical term or geographic name entry element |
Restitution |
| Geographic subdivision |
Colombia. |
| 650 #0 - SUBJECT ADDED ENTRY--TOPICAL TERM |
| Topical term or geographic name entry element |
Social justice |
| Geographic subdivision |
Colombia. |
| 650 #0 - SUBJECT ADDED ENTRY--TOPICAL TERM |
| Topical term or geographic name entry element |
Victims |
| General subdivision |
Services for |
| Geographic subdivision |
Colombia. |
| 655 #0 - INDEX TERM--GENRE/FORM |
| Genre/form data or focus term |
Electronic books. |
| 700 1# - ADDED ENTRY--PERSONAL NAME |
| Personal name |
Londoño Toro, Beatriz, |
| Relator term |
editor. |
| 700 1# - ADDED ENTRY--PERSONAL NAME |
| Personal name |
Peralta González, Laly Catalina, |
| Relator term |
editor. |
| 791 2# - |
| -- |
Digitalia (Firm), |
| -- |
distributor. |
| 793 0# - |
| -- |
Digitalia eBook Collection: |
| -- |
Universidad del Rosario |
| 776 08 - ADDITIONAL PHYSICAL FORM ENTRY |
| Relationship information |
Print version: |
| Title |
Voz de las víctimas. |
| Edition |
Primera edición. |
| Place, publisher, and date of publication |
Bogotá, D.C. : Editorial Universidad del Rosario, septiembre de 2018 |
| International Standard Book Number |
9789587841145 |
| Record control number |
(OCoLC)1102789534 |
| 830 #0 - SERIES ADDED ENTRY--UNIFORM TITLE |
| Uniform title |
Colección Textos de jurisprudencia. |
| 856 40 - ELECTRONIC LOCATION AND ACCESS |
| Materials specified |
Digitalia Hispánica |
| Uniform Resource Identifier |
<a href="https://www.digitaliapublishing.com/a/59826/">https://www.digitaliapublishing.com/a/59826/</a> |
| 910 ## - USER-OPTION DATA (OCLC) |
| User-option data |
Premium collection: 2020 |
| 942 ## - ADDED ENTRY ELEMENTS (KOHA) |
| Koha item type |
Recurso Electrónico |